[Event "VIII Festival A"]
[Site "Amantea ITA"]
[Date "2010.09.01"]
[Round "4"]
[White "Cordi', Domenico"]
[Black "Borsos, Bogdan"]
[Result "1-0"]
[WhiteElo "2047"]
[BlackElo "2342"]
[PlyCount "147"]
[EventDate "2010.08.29"]

1. d4 d5 2. c4 e6 3. Nc3 c5 4. e3 Nc6 5. Nf3 Nf6 6. a3 a6 7. dxc5 Bxc5 8. b4
Bd6 9. Bb2 O-O 10. Qb3 dxc4 11. Bxc4 b5 12. Be2 Bb7 13. O-O Ne5 14. Nxe5 Bxe5
15. Rfd1 Qb8 16. h3 Rd8 17. a4 bxa4 18. Nxa4 Bd5 19. Bc4 Bh2+ 20. Kh1 Ne4 21.
f4 Bg3 22. Rxd5 exd5 23. Bxd5 Rxd5 24. Qxd5 Qe8 25. Qd4 f6 26. Nc5 Nf2+ 27. Kg1
Rd8 28. Qc4+ Kh8 29. Bd4 Qg6 30. Qe2 Bh4 31. Qf3 Qc2 32. Rf1 Qc4 33. Rxf2 Bxf2+
34. Qxf2 Rb8 35. Qf1 Rxb4 36. Qxc4 Rxc4 37. Nxa6 Kg8 38. Nc5 Rc2 39. Kh2 Kf7
40. Kg3 Kg6 41. Kf3 Kf7 42. h4 Rc1 43. Nd3 Rh1 44. Kg3 Rd1 45. Nf2 Rd2 46. h5
h6 47. Kf3 Ke6 48. Ne4 Rd1 49. Ke2 Rg1 50. Kf2 Rh1 51. Ng3 Rc1 52. e4 Rd1 53.
Be3 Rb1 54. Kf3 Rb3 55. Nf5 Kf7 56. g4 Rb1 57. e5 fxe5 58. fxe5 Rf1+ 59. Bf2
Ra1 60. Ke4 Ra2 61. Be3 Rg2 62. Kf3 Ra2 63. e6+ Kxe6 64. Nxg7+ Kf6 65. Nf5 Rh2
66. Nxh6 Rh3+ 67. Kf4 Rh1 68. g5+ Ke6 69. g6 Rf1+ 70. Kg5 Rf3 71. Bf4 Rf2 72.
Ng4 Ra2 73. h6 Ra5+ 74. Be5 1-0

[Event "VIII Festival A"]
[Site "Amantea ITA"]
[Date "2010.09.01"]
[Round "4"]
[White "Diaz, Linda"]
[Black "Milchev, Nikolay"]
[Result "1/2-1/2"]
[WhiteElo "2010"]
[BlackElo "2360"]
[PlyCount "96"]
[EventDate "2010.08.29"]

1. e4 e5 2. Nf3 Nc6 3. Bb5 Nf6 4. O-O Nxe4 5. Re1 Nd6 6. Nxe5 Nxe5 7. Rxe5+ Be7
8. Ba4 O-O 9. d4 Bf6 10. Rh5 g6 11. Rh3 Nf5 12. c3 d5 13. g4 Ng7 14. Bh6 Bg5
15. f4 Bxh6 16. Rxh6 Qf6 17. Qf3 Ne6 18. f5 Qg5 19. Rh3 Qc1+ 20. Qd1 Qxd1+ 21.
Bxd1 Ng5 22. Re3 Ne4 23. fxg6 fxg6 24. Bf3 Rf4 25. Bxe4 dxe4 26. h3 b5 27. a4
bxa4 28. Nd2 Rb8 29. Rxe4 Rf8 30. Nc4 Bb7 31. Re2 Rf3 32. Re3 Rf4 33. Ne5 Bd5
34. Nd3 Rf6 35. Rxa4 Rbf8 36. Ra1 c6 37. Rae1 a5 38. Re8 Rxe8 39. Rxe8+ Kg7 40.
Ne5 Rf4 41. Ra8 Re4 42. Kf2 Rf4+ 43. Kg3 Rf1 44. Rxa5 g5 45. c4 Be4 46. Ra7+
Kg8 47. Ra8+ Kg7 48. Ra7+ Kg8 1/2-1/2

[Event "VIII Festival A"]
[Site "Amantea ITA"]
[Date "2010.09.01"]
[Round "4"]
[White "Grasso, Gaetano"]
[Black "Forlano, Luigi"]
[Result "0-1"]
[WhiteElo "1975"]
[BlackElo "2035"]
[PlyCount "76"]
[EventDate "2010.08.29"]

1. e4 c5 2. Nc3 g6 3. g4 Bg7 4. Bg2 Nc6 5. d3 d6 6. Be3 Rb8 7. a4 a6 8. h3 e6
9. Qd2 b5 10. axb5 axb5 11. Nge2 b4 12. Nd1 h5 13. g5 Nd4 14. O-O Ne7 15. f4
O-O 16. Ng3 d5 17. Nf2 b3 18. Bxd4 cxd4 19. Ra3 bxc2 20. Qxc2 Qb6 21. Rb1 dxe4
22. Bxe4 Bd7 23. b4 Rfc8 24. Qd2 Rc3 25. Ra2 Bc6 26. Ne2 Nd5 27. b5 Bb7 28. Ra4
Rbc8 29. Bxd5 exd5 30. Nxc3 dxc3 31. Qc2 Qe3 32. Kf1 Re8 33. b6 Bd4 34. Ra7 Bc8
35. Kg1 Qg3+ 36. Kf1 Bxh3+ 37. Nxh3 Qxh3+ 38. Qg2 Qxd3+ 0-1

[Event "VIII Festival A"]
[Site "Amantea ITA"]
[Date "2010.09.01"]
[Round "4"]
[White "Grigore, George-Gabriel"]
[Black "Isonzo, David"]
[Result "1/2-1/2"]
[WhiteElo "2532"]
[BlackElo "2357"]
[PlyCount "74"]
[EventDate "2010.08.29"]

1. d4 Nf6 2. c4 c5 3. d5 e6 4. Nc3 exd5 5. cxd5 d6 6. Nf3 g6 7. Bf4 Bg7 8. h3
O-O 9. e3 Na6 10. Bxa6 bxa6 11. O-O Rb8 12. Qd2 Bf5 13. b3 Ne4 14. Nxe4 Bxe4
15. Ng5 Bf5 16. Rac1 h6 17. Nf3 g5 18. Bg3 a5 19. Rc4 Re8 20. Rfc1 Rb4 21. Ne1
Re4 22. Rxe4 Bxe4 23. f3 Bg6 24. e4 f5 25. Nc2 Rb7 26. exf5 Bxf5 27. Ne3 Bg6
28. Nc4 a4 29. bxa4 Rb4 30. Nxd6 Qf6 31. Nc4 Qa6 32. Qe2 Bf7 33. d6 Rxc4 34.
Rxc4 Qxc4 35. Qxc4 Bxc4 36. d7 Bf6 37. Bc7 Bxa2 1/2-1/2

[Event "VIII Festival A"]
[Site "Amantea ITA"]
[Date "2010.09.01"]
[Round "4"]
[White "Llaneza Vega, Patricia"]
[Black "Drasko, Milan"]
[Result "0-1"]
[WhiteElo "2289"]
[BlackElo "2505"]
[PlyCount "76"]
[EventDate "2010.08.29"]

1. e4 e6 2. d4 d5 3. Nc3 Bb4 4. e5 Ne7 5. a3 Bxc3+ 6. bxc3 c5 7. Qg4 Kf8 8. Qd1
b6 9. a4 Ba6 10. Bxa6 Nxa6 11. Nf3 h6 12. O-O Kg8 13. Ba3 Rc8 14. Qd2 Nb8 15.
a5 Nd7 16. Rfb1 Nc6 17. axb6 axb6 18. Qd3 Na5 19. h4 Qc7 20. dxc5 bxc5 21. Qa6
Nc4 22. Rb7 Qd8 23. Re1 Kh7 24. Bc1 Rb8 25. Rxb8 Qxb8 26. Bf4 Qb2 27. Qc6 Rd8
28. Qc7 Qb8 29. Qxb8 Rxb8 30. Ra1 Rb7 31. h5 f6 32. exf6 Nxf6 33. Ra6 e5 34.
Be3 d4 35. cxd4 cxd4 36. Nxd4 Nxe3 37. fxe3 exd4 38. exd4 Rc7 0-1

[Event "VIII Festival A"]
[Site "Amantea ITA"]
[Date "2010.09.01"]
[Round "4"]
[White "Mladenov, Plamen"]
[Black "Gershenov, Ben"]
[Result "1-0"]
[WhiteElo "2363"]
[BlackElo "2037"]
[PlyCount "81"]
[EventDate "2010.08.29"]

1. e4 e6 2. Nf3 d5 3. Nc3 Nf6 4. e5 Nfd7 5. d4 c5 6. dxc5 Bxc5 7. Bd3 Nc6 8.
Bf4 f6 9. exf6 Nxf6 10. Qe2 O-O 11. O-O-O Qa5 12. Ne5 Ba3 13. Bd2 d4 14. Nxc6
Bxb2+ 15. Kxb2 dxc3+ 16. Bxc3 Qb6+ 17. Nb4 a5 18. Qe3 Qxe3 19. fxe3 axb4 20.
Bxb4 Rf7 21. Bc4 Nd5 22. Rxd5 exd5 23. Bxd5 Bf5 24. e4 Bg6 25. e5 Re8 26. Bd6
Bf5 27. Bxf7+ Kxf7 28. Rf1 Ke6 29. Rf4 Rc8 30. c4 g5 31. Rd4 g4 32. Kc3 h5 33.
Kb4 h4 34. Kb5 Rd8 35. Kb6 Rd7 36. a4 Rh7 37. a5 g3 38. h3 Bg6 39. c5 Be8 40.
c6 Bxc6 41. a6 1-0

[Event "VIII Festival A"]
[Site "Amantea ITA"]
[Date "2010.09.01"]
[Round "4"]
[White "Panarello, Giuseppe"]
[Black "Scerbo, Antonio"]
[Result "0-1"]
[WhiteElo "1925"]
[BlackElo "2116"]
[PlyCount "58"]
[EventDate "2010.08.29"]

1. Nf3 Nf6 2. g3 g6 3. Bg2 Bg7 4. O-O O-O 5. d3 d6 6. e4 c5 7. Nbd2 Nc6 8. c3
Rb8 9. Qe2 Qc7 10. a4 a6 11. Nc4 b5 12. axb5 axb5 13. Ne3 e6 14. Nd2 b4 15.
Ndc4 Rd8 16. f4 d5 17. Ne5 bxc3 18. Nxc6 cxb2 19. Bxb2 Qxc6 20. Bxf6 Bxf6 21.
e5 Be7 22. Ra7 Rd7 23. Rfa1 Rxa7 24. Rxa7 Rb7 25. Rxb7 Bxb7 26. g4 Qa4 27. Qf3
Qd4 28. h3 Qxd3 29. f5 Bg5 0-1

[Event "VIII Festival A"]
[Site "Amantea ITA"]
[Date "2010.09.01"]
[Round "4"]
[White "Pelyushenko, Ivanna"]
[Black "Rotunno, Giuseppe"]
[Result "0-1"]
[WhiteElo "1926"]
[BlackElo "2046"]
[PlyCount "66"]
[EventDate "2010.08.29"]

1. e4 d6 2. d4 Nf6 3. Nc3 g6 4. f4 Bg7 5. Nf3 Na6 6. e5 Nd7 7. h4 h5 8. Be3 c5
9. e6 fxe6 10. Bd3 Nf8 11. Ne4 cxd4 12. Nxd4 Nb4 13. c3 Nxd3+ 14. Qxd3 e5 15.
Nf3 Bf5 16. Qd5 exf4 17. Bxf4 Ne6 18. Be3 Nc7 19. Qxb7 Rb8 20. Qc6+ Bd7 21. Qc4
d5 22. Qd3 dxe4 23. Qxe4 Bf5 24. Qa4+ Qd7 25. Qxa7 O-O 26. Rd1 Qe6 27. Ng5 Qe5
28. Nf3 Qg3+ 29. Kf1 Rxb2 30. Bf2 Qf4 31. Qa3 Qc4+ 32. Kg1 Qe2 33. Qc5 Qxd1+
0-1

[Event "VIII Festival A"]
[Site "Amantea ITA"]
[Date "2010.09.01"]
[Round "4"]
[White "Rotelli, Pietro"]
[Black "Hajenius, Willem"]
[Result "0-1"]
[WhiteElo "1959"]
[BlackElo "2050"]
[PlyCount "102"]
[EventDate "2010.08.29"]

1. d4 Nf6 2. c4 c5 3. d5 b5 4. cxb5 a6 5. b6 g6 6. Nc3 Bg7 7. e4 d6 8. Nf3 Nbd7
9. Be2 Qxb6 10. O-O O-O 11. Qc2 Rb8 12. Rb1 Bb7 13. h3 Rfc8 14. Be3 Qd8 15. Bc4
Nb6 16. Nd2 Nxc4 17. Nxc4 a5 18. Rfd1 Ba6 19. b3 Nd7 20. Na4 Bb5 21. Nab2 Ra8
22. Na4 Rcb8 23. f4 Nf6 24. g4 Ne8 25. Nc3 Ba6 26. Bf2 Nc7 27. Nxa5 Bb7 28.
Nxb7 Rxb7 29. Ne2 Nb5 30. Qd2 Na3 31. Rbc1 Rb4 32. e5 Re4 33. Ng3 Rb4 34. Qe3
c4 35. Be1 Rb7 36. bxc4 dxe5 37. fxe5 Qb8 38. Bc3 Nxc4 39. Qf4 Nxe5 40. Rf1 e6
41. dxe6 fxe6 42. Qe4 Rxa2 43. Rce1 Rb5 44. Ne2 Rd5 45. Nf4 Qb6+ 46. Kh1 Rb5
47. Bd4 Qa6 48. Ne2 Rb4 49. Nc3 Ra5 50. Qf4 Qb7+ 51. Kg1 Rxd4 0-1

[Event "VIII Festival A"]
[Site "Amantea ITA"]
[Date "2010.09.01"]
[Round "4"]
[White "Santagati, Alessandro"]
[Black "Llaneza Vega, Marcos"]
[Result "0-1"]
[WhiteElo "2187"]
[BlackElo "2470"]
[PlyCount "84"]
[EventDate "2010.08.29"]

1. d4 c5 2. e3 Nf6 3. Nf3 g6 4. Be2 Bg7 5. O-O cxd4 6. exd4 O-O 7. Nbd2 Nc6 8.
Nc4 d6 9. a4 Qc7 10. h3 e5 11. d5 Nb4 12. Ne3 Qc5 13. c4 a5 14. Ne1 Bd7 15. Nd3
Nxd3 16. Qxd3 Qc8 17. Bd2 Bf5 18. Nxf5 gxf5 19. Qa3 Ne4 20. Be1 Qd8 21. b4 f4
22. bxa5 Nc5 23. Bb4 e4 24. Bxc5 dxc5 25. Rab1 Bd4 26. Kh1 Qxa5 27. Rxb7 Qd2
28. Bh5 f5 29. Qc1 Qxc1 30. Rxc1 Rxa4 31. d6 Bxf2 32. d7 Rd8 33. Rc7 Kf8 34.
Be8 Ke7 35. Rc8 Ra8 36. Rc6 Rxd7 37. Bxd7 Kxd7 38. Rf6 e3 39. Rxf5 e2 40. Rf7+
Kd6 41. Rf6+ Ke5 42. Rf7 Re8 0-1

[Event "VIII Festival A"]
[Site "Amantea ITA"]
[Date "2010.09.02"]
[Round "5"]
[White "Bifulco, Michel"]
[Black "Grasso, Gaetano"]
[Result "1-0"]
[WhiteElo "1952"]
[BlackElo "1975"]
[PlyCount "129"]
[EventDate "2010.08.29"]

1. d4 d5 2. c4 c6 3. Nf3 Nf6 4. Nc3 dxc4 5. a4 Bf5 6. e3 e6 7. Bxc4 Bb4 8. O-O
O-O 9. Bd3 Bg4 10. Ne4 Nbd7 11. Ng3 e5 12. h3 Bxf3 13. Qxf3 Re8 14. Rd1 Qa5 15.
Bf5 Nf8 16. Ne4 Nd5 17. dxe5 Rxe5 18. Ng3 Rae8 19. Bc2 Nf6 20. e4 Ng6 21. Bf4
R5e7 22. Nf5 Rd7 23. Rxd7 Nxd7 24. Rd1 Nde5 25. Bxe5 Qxe5 26. Qb3 a5 27. Rd7
Nh8 28. Rxb7 g6 29. Nh6+ Kg7 30. Ng4 Qf4 31. Qe3 Bd6 32. Qd4+ Be5 33. Nxe5 Qxe5
34. Qxe5+ Rxe5 35. b4 axb4 36. Rxb4 Rc5 37. Bb3 Rc1+ 38. Kh2 Ra1 39. Rc4 Ra3
40. Bc2 g5 41. Rxc6 Ng6 42. Rc5 h6 43. g3 Nf8 44. Kg2 Ne6 45. Rd5 Rc3 46. Bd1
Ra3 47. a5 Kf6 48. Be2 Ke7 49. Bf1 f6 50. Rb5 Nc7 51. Rb7 Kd6 52. Rb6+ Ke5 53.
a6 Ne6 54. Rb7 Nc5 55. Re7+ Kd6 56. Rh7 Ne6 57. Bb5 Nc5 58. Be2 Nxe4 59. a7 Nc3
60. Bf3 Nd5 61. Rh8 Nc7 62. a8=Q Nxa8 63. Rxa8 Rc3 64. Rh8 Ke5 65. Rxh6 1-0

[Event "VIII Festival A"]
[Site "Amantea ITA"]
[Date "2010.09.02"]
[Round "5"]
[White "Borsos, Bogdan"]
[Black "Santagati, Alessandro"]
[Result "1-0"]
[WhiteElo "2342"]
[BlackElo "2187"]
[PlyCount "83"]
[EventDate "2010.08.29"]

1. Nf3 Nf6 2. c4 e6 3. g3 d5 4. Bg2 Be7 5. O-O O-O 6. d4 Nbd7 7. Nc3 c6 8. Qc2
a6 9. c5 Re8 10. Bg5 h6 11. Bf4 Nh5 12. Bd2 Qc7 13. e4 dxe4 14. Nxe4 Ndf6 15.
Ne5 Nxe4 16. Qxe4 Nf6 17. Qf4 Bf8 18. Nc4 Qxf4 19. Bxf4 Nd7 20. Bc7 Be7 21.
Rfe1 Bd8 22. Bd6 Be7 23. Bc7 Bd8 24. Bf4 g5 25. Bd6 Be7 26. f4 Bxd6 27. Nxd6
Rd8 28. fxg5 hxg5 29. Rf1 f5 30. Rae1 Nf8 31. g4 fxg4 32. Re5 Nh7 33. Be4 b5
34. Bxh7+ Kxh7 35. Rf7+ Kg6 36. Rc7 Bd7 37. Ne4 Be8 38. Nd6 Kf6 39. Ne4+ Kg6
40. Rxe6+ Kf5 41. Rce7 Kf4 42. Ng3 1-0

[Event "VIII Festival A"]
[Site "Amantea ITA"]
[Date "2010.09.02"]
[Round "5"]
[White "Drasko, Milan"]
[Black "Blagojevic, Dragisa"]
[Result "1/2-1/2"]
[WhiteElo "2505"]
[BlackElo "2499"]
[PlyCount "29"]
[EventDate "2010.08.29"]

1. d4 d6 2. Nf3 Nf6 3. c4 Nbd7 4. g3 e5 5. Bg2 c6 6. Nc3 Be7 7. e4 O-O 8. O-O
a6 9. h3 b5 10. c5 dxc5 11. dxe5 Ne8 12. Be3 Nc7 13. Qc2 Ne6 14. Rad1 Qc7 15.
Nd5 1/2-1/2

[Event "VIII Festival A"]
[Site "Amantea ITA"]
[Date "2010.09.02"]
[Round "5"]
[White "Familari, Giuseppe"]
[Black "Cangiano, Federico"]
[Result "1/2-1/2"]
[WhiteElo "1947"]
[BlackElo "1960"]
[PlyCount "105"]
[EventDate "2010.08.29"]

1. e4 e6 2. d4 d5 3. Nc3 Bb4 4. Nge2 dxe4 5. a3 Be7 6. Nxe4 Nd7 7. c4 Ngf6 8.
N4c3 O-O 9. Nf4 e5 10. dxe5 Nxe5 11. Nfd5 Nxd5 12. Nxd5 c6 13. Ne3 Qxd1+ 14.
Nxd1 Be6 15. Ne3 Bc5 16. Be2 Bxe3 17. Bxe3 Nxc4 18. Bd4 Rfe8 19. O-O-O Na5 20.
Bf3 Bf5 21. b4 Nb3+ 22. Kb2 Nxd4 23. Rxd4 Rad8 24. Rhd1 Rxd4 25. Rxd4 g6 26. a4
Kg7 27. a5 Re1 28. Rd8 Be4 29. Bxe4 Rxe4 30. Kc3 Re7 31. Kd4 Kf6 32. Kc5 Re5+
33. Kc4 Ke6 34. Re8+ Kd6 35. Rxe5 Kxe5 36. Kc5 Ke6 37. a6 Kd7 38. axb7 Kc7 39.
b8=Q+ Kxb8 40. Kxc6 Kc8 41. b5 h6 42. h4 h5 43. f3 f5 44. f4 Kb8 45. b6 a6 46.
g3 Kc8 47. b7+ Kb8 48. Kb6 a5 49. Kxa5 Kxb7 50. Kb5 Kc7 51. Kc5 Kd7 52. Kd5 Ke7
53. Ke5 1/2-1/2

[Event "VIII Festival A"]
[Site "Amantea ITA"]
[Date "2010.09.02"]
[Round "5"]
[White "Gromovs, Sergejs"]
[Black "Bentivegna, Francesco"]
[Result "0-1"]
[WhiteElo "2365"]
[BlackElo "2340"]
[PlyCount "68"]
[EventDate "2010.08.29"]

1. d4 d5 2. c4 c6 3. Nf3 Nf6 4. Nc3 e6 5. Bg5 dxc4 6. e4 b5 7. e5 h6 8. Bh4 g5
9. Nxg5 hxg5 10. Bxg5 Nbd7 11. g3 Bb7 12. Bg2 Qb6 13. exf6 c5 14. d5 O-O-O 15.
O-O b4 16. Na4 Qa6 17. b3 c3 18. a3 Bxd5 19. Bxd5 Ne5 20. Nxc5 Bxc5 21. axb4
Qb5 22. Qc2 Rxd5 23. Qxc3 Rd3 24. Qxc5+ Qxc5 25. Rfc1 Nf3+ 26. Kf1 Rd1+ 27. Ke2
Rxc1 28. Rxc1 Nd4+ 29. Kd3 Qxc1 30. Bxc1 Nxb3 31. Be3 a5 32. Kc3 a4 33. h4 Kd7
34. b5 Ra8 0-1

[Event "VIII Festival A"]
[Site "Amantea ITA"]
[Date "2010.09.02"]
[Round "5"]
[White "Hajenius, Willem"]
[Black "Gershenov, Ben"]
[Result "0-1"]
[WhiteElo "2050"]
[BlackElo "2037"]
[PlyCount "88"]
[EventDate "2010.08.29"]

1. d4 Nf6 2. c4 e6 3. Nc3 Bb4 4. f3 O-O 5. e4 d5 6. e5 Nfd7 7. cxd5 exd5 8. f4
f6 9. Nf3 Nb6 10. Bd3 Bg4 11. O-O c5 12. a3 cxd4 13. axb4 dxc3 14. bxc3 N8d7
15. Qc2 h6 16. Bh7+ Kh8 17. Nh4 Re8 18. Bg6 Re7 19. h3 Be6 20. f5 Bg8 21. e6
Ne5 22. Be3 Nbc4 23. Bc5 Rc7 24. Bd4 Bh7 25. Rae1 b6 26. Bh5 Qd6 27. Qf2 Nd3
28. Qf3 Nxe1 29. Rxe1 Nd2 30. Qe3 Ne4 31. Bf7 Qe7 32. g4 Rac8 33. g5 Nxg5 34.
Ng6+ Bxg6 35. fxg6 Ne4 36. Rc1 Rc6 37. b5 Rxe6 38. Bxe6 Qxe6 39. Ra1 Qe8 40.
Rxa7 Qxg6+ 41. Kh2 Re8 42. Qd3 Qf5 43. Rb7 Qf4+ 44. Kg2 Ra8 0-1

[Event "VIII Festival A"]
[Site "Amantea ITA"]
[Date "2010.09.02"]
[Round "5"]
[White "Isonzo, David"]
[Black "Collutiis, Duilio"]
[Result "1/2-1/2"]
[WhiteElo "2357"]
[BlackElo "2438"]
[PlyCount "27"]
[EventDate "2010.08.29"]

1. e4 e5 2. Nf3 Nc6 3. Bb5 Nf6 4. O-O Nxe4 5. Re1 Nd6 6. Nxe5 Be7 7. Bd3 Nxe5
8. Rxe5 O-O 9. Nc3 c6 10. b3 Ne8 11. Bb2 d5 12. Qf3 Bf6 13. Re2 Nc7 14. Na4
1/2-1/2

[Event "VIII Festival A"]
[Site "Amantea ITA"]
[Date "2010.09.02"]
[Round "5"]
[White "Ljubisavljevic, Zivojin Z."]
[Black "Cordi', Domenico"]
[Result "1/2-1/2"]
[WhiteElo "2271"]
[BlackElo "2047"]
[PlyCount "96"]
[EventDate "2010.08.29"]

1. e4 c5 2. c4 Nc6 3. Nc3 d6 4. f4 g6 5. Nf3 Bg7 6. d3 Bg4 7. Be2 e6 8. O-O
Nge7 9. Nh4 Bxe2 10. Nxe2 Nd4 11. Nxd4 Bxd4+ 12. Kh1 Nc6 13. Nf3 Bg7 14. f5
exf5 15. exf5 O-O 16. Bg5 Bf6 17. Qd2 Bxg5 18. Nxg5 Nd4 19. f6 Re8 20. Ne4 Re6
21. Qf4 Qf8 22. Qh4 h6 23. g4 Rd8 24. Nc3 Re3 25. Rad1 Rde8 26. Nd5 Re2 27.
Ne7+ Kh7 28. Rf2 Rxf2 29. Qxf2 Nc6 30. Nxc6 bxc6 31. Re1 Re5 32. Rxe5 dxe5 33.
Kg2 Qd6 34. Qf3 Kg8 35. h4 Kf8 36. Qe3 Qxf6 37. Qxh6+ Ke8 38. Qe3 Qd6 39. Qf3
Kf8 40. Qe4 Kg7 41. g5 f5 42. gxf6+ Qxf6 43. b3 Qd6 44. Qf3 Qe6 45. Qe4 a6 46.
a3 a5 47. Qf3 Qd6 48. Qg3 Kf7 1/2-1/2

[Event "VIII Festival A"]
[Site "Amantea ITA"]
[Date "2010.09.02"]
[Round "5"]
[White "Llaneza Vega, Marcos"]
[Black "Grigore, George-Gabriel"]
[Result "1/2-1/2"]
[WhiteElo "2470"]
[BlackElo "2532"]
[PlyCount "91"]
[EventDate "2010.08.29"]

1. e4 c5 2. Nc3 Nc6 3. Nge2 g6 4. g3 Bg7 5. Bg2 e5 6. d3 Nge7 7. h4 h5 8. Bg5
f6 9. Be3 d6 10. Qd2 Nd4 11. O-O O-O 12. Kh2 Be6 13. Ng1 Qd7 14. Nd1 Rad8 15.
c3 Ndc6 16. b4 cxb4 17. cxb4 d5 18. Qb2 d4 19. Bd2 b5 20. f4 f5 21. Nf2 exf4
22. Bxf4 Ne5 23. Nf3 Nxf3+ 24. Bxf3 Nc6 25. exf5 Bxf5 26. Rfe1 Rde8 27. Qb3+
Kh8 28. Rxe8 Rxe8 29. Rc1 Ne5 30. Bg2 Rc8 31. Rc5 Rxc5 32. bxc5 Be6 33. c6 Nxc6
34. Qxb5 Ne7 35. Qb8+ Ng8 36. a3 Qa4 37. Be5 Qd7 38. Ne4 Bf5 39. Nc5 Bxe5 40.
Qxe5+ Qg7 41. Qb8 Kh7 42. Be4 Qe7 43. Bxf5 Qe2+ 44. Kg1 Qe1+ 45. Kg2 Qe2+ 46.
Kg1 1/2-1/2

[Event "VIII Festival A"]
[Site "Amantea ITA"]
[Date "2010.09.02"]
[Round "5"]
[White "Luvera', Filippo"]
[Black "Panarello, Giuseppe"]
[Result "0-1"]
[WhiteElo "1953"]
[BlackElo "1925"]
[PlyCount "148"]
[EventDate "2010.08.29"]

1. e4 c5 2. c3 d5 3. exd5 Qxd5 4. d4 Nc6 5. Nf3 cxd4 6. cxd4 Bg4 7. Be2 e6 8.
Nc3 Qa5 9. O-O Nf6 10. Be3 Rd8 11. Qb3 Rd7 12. Rfd1 Bd6 13. d5 exd5 14. h3 Be6
15. Nd4 O-O 16. Bb5 Rc8 17. Rac1 a6 18. Bxc6 bxc6 19. Nxe6 fxe6 20. Bb6 Qb4 21.
Qxb4 Bxb4 22. Na4 Rb7 23. a3 Bd6 24. b4 Nd7 25. Be3 Rbc7 26. Re1 Kf7 27. Kf1 c5
28. bxc5 Bxc5 29. Nxc5 Nxc5 30. Bf4 Rc6 31. Rc3 Nd7 32. Rb3 Rb6 33. Rf3 Nf6 34.
g4 Ke7 35. Be5 h6 36. Rd3 Rc4 37. f4 g6 38. f5 gxf5 39. gxf5 Ne4 40. fxe6 Kxe6
41. Bg7 Rc2 42. Bxh6 Rf2+ 43. Kg1 Rbb2 44. Rg3 a5 45. Be3 Rh2 46. Bd4 Rbc2 47.
a4 Ra2 48. Bb6 Rhc2 49. Bxa5 Rxa4 50. Bb6 Rac4 51. h4 Rc6 52. Bd8 Kd7 53. Rg8
Rc8 54. Ra1 Rc1+ 55. Rxc1 Rxc1+ 56. Kg2 Rc8 57. h5 Rxd8 58. Rxd8+ Kxd8 59. h6
Nf6 60. Kf3 Ke7 61. Kf4 Ke6 62. Kg3 Kf5 63. Kf3 Kg6 64. h7 Kxh7 65. Kf4 Kg6 66.
Ke5 Kg5 67. Kd4 Kf4 68. Kd3 Ke5 69. Ke3 d4+ 70. Kf3 Nd5 71. Ke2 Ke4 72. Kd2 d3
73. Kd1 Ke3 74. Kc1 Ke2 0-1

[Event "VIII Festival A"]
[Site "Amantea ITA"]
[Date "2010.09.02"]
[Round "5"]
[White "Milchev, Nikolay"]
[Black "Colucci, Pasquale"]
[Result "1-0"]
[WhiteElo "2360"]
[BlackElo "2016"]
[PlyCount "63"]
[EventDate "2010.08.29"]

1. Nf3 Nf6 2. c4 g6 3. Nc3 Bg7 4. e4 d6 5. d4 O-O 6. h3 Nbd7 7. Be3 e5 8. dxe5
dxe5 9. Qc2 c6 10. Be2 Qe7 11. O-O Nh5 12. Rfd1 Nf4 13. Rd2 Nxe2+ 14. Rxe2 f5
15. Rd1 Nf6 16. a3 Nxe4 17. Nxe4 fxe4 18. Ng5 Bh6 19. Nxe4 Bxe3 20. Rxe3 Bf5
21. Qe2 Rad8 22. Rxd8 Rxd8 23. Ng3 Re8 24. b4 Qe6 25. c5 Re7 26. Nf1 h5 27. Nd2
Qa2 28. Qc4+ Be6 29. Qd3 Bf5 30. Qd8+ Kf7 31. Nf3 Re8 32. Nxe5+ 1-0

[Event "VIII Festival A"]
[Site "Amantea ITA"]
[Date "2010.09.02"]
[Round "5"]
[White "Rotelli, Pietro"]
[Black "Pelyushenko, Ivanna"]
[Result "1-0"]
[WhiteElo "1959"]
[BlackElo "1926"]
[PlyCount "61"]
[EventDate "2010.08.29"]

1. d4 d5 2. c4 e6 3. Nf3 c6 4. Nc3 f5 5. g3 Nf6 6. Bg5 Be7 7. Bg2 Nbd7 8. cxd5
cxd5 9. O-O O-O 10. Rc1 Ng4 11. Bxe7 Qxe7 12. h3 Ngf6 13. e3 Kh8 14. Nb5 Ne4
15. Rc7 Qb4 16. Qe2 a6 17. Na3 Qd6 18. Rfc1 Rg8 19. Qc2 Qf8 20. Nb1 g5 21. Ne5
Nxe5 22. dxe5 h5 23. Bxe4 fxe4 24. Qe2 Qf3 25. Qxf3 exf3 26. Nd2 g4 27. Nb3 Re8
28. Rf7 Kg8 29. Rcc7 Rd8 30. hxg4 hxg4 31. Nd4 1-0

[Event "VIII Festival A"]
[Site "Amantea ITA"]
[Date "2010.09.02"]
[Round "5"]
[White "Rotunno, Giuseppe"]
[Black "Diaz, Linda"]
[Result "1-0"]
[WhiteElo "2046"]
[BlackElo "2010"]
[PlyCount "37"]
[EventDate "2010.08.29"]

1. d4 Nf6 2. Nf3 e6 3. g3 c5 4. Bg2 d5 5. O-O Nc6 6. c4 cxd4 7. Nxd4 Bc5 8. Nf3
O-O 9. Qc2 Nb4 10. Qb3 dxc4 11. Qxc4 Qc7 12. Be3 Bd6 13. Qxc7 Bxc7 14. Bc5 Nc2
15. Rc1 Nxa1 16. Bxf8 Kxf8 17. Rxc7 Nd5 18. Rc1 Nb4 19. Na3 1-0

[Event "VIII Festival A"]
[Site "Amantea ITA"]
[Date "2010.09.02"]
[Round "5"]
[White "Scerbo, Antonio"]
[Black "Mladenov, Plamen"]
[Result "0-1"]
[WhiteElo "2116"]
[BlackElo "2363"]
[PlyCount "62"]
[EventDate "2010.08.29"]

1. d4 Nf6 2. c4 g6 3. Nc3 d5 4. cxd5 Nxd5 5. e4 Nxc3 6. bxc3 Bg7 7. Be3 c5 8.
Qd2 O-O 9. Nf3 Qa5 10. h3 Nc6 11. Rc1 cxd4 12. cxd4 Qxd2+ 13. Kxd2 Rd8 14. Rc4
Nxd4 15. Bxd4 e5 16. Ke3 exd4+ 17. Nxd4 a6 18. Be2 f5 19. exf5 Re8+ 20. Kd3 b5
21. Rc7 Bxd4 22. Bf3 Rd8 23. Ke2 Ra7 24. Rxa7 Bxa7 25. fxg6 hxg6 26. Rc1 Be6
27. Rc6 Bc4+ 28. Ke1 Bd4 29. Kd2 Bxf2+ 30. Kc3 Be1+ 31. Kc2 Bd3+ 0-1

[Event "VIII Festival A"]
[Site "Amantea ITA"]
[Date "2010.09.02"]
[Round "5"]
[White "Vespe, Francesco"]
[Black "Llaneza Vega, Patricia"]
[Result "0-1"]
[WhiteElo "1996"]
[BlackElo "2289"]
[PlyCount "54"]
[EventDate "2010.08.29"]

1. d4 Nf6 2. c4 g6 3. Nc3 Bg7 4. e4 d6 5. Nf3 O-O 6. Be2 e5 7. d5 a5 8. Bg5 h6
9. Bh4 Na6 10. Nd2 Qe8 11. a3 Bd7 12. b3 Nh7 13. Rb1 f5 14. f3 Nc5 15. Qc2 Nf6
16. b4 axb4 17. axb4 Na4 18. Nb5 Bxb5 19. cxb5 Nh5 20. O-O Nf4 21. Bd3 Qd7 22.
Rfc1 Kh8 23. Bf1 fxe4 24. fxe4 Qg4 25. Nf3 Nh3+ 26. Kh1 Rxf3 27. gxf3 Qg1# 0-1

[Event "VIII Festival A"]
[Site "Amantea ITA"]
[Date "2010.09.02"]
[Round "6"]
[White "Blagojevic, Dragisa"]
[Black "Llaneza Vega, Marcos"]
[Result "1/2-1/2"]
[WhiteElo "2499"]
[BlackElo "2470"]
[PlyCount "47"]
[EventDate "2010.08.29"]

1. d4 Nf6 2. c4 c5 3. d5 b5 4. Nf3 e6 5. Bg5 exd5 6. cxd5 h6 7. Bxf6 Qxf6 8.
Qc2 Na6 9. e4 c4 10. Nc3 Rb8 11. Be2 Bd6 12. O-O O-O 13. a4 Nb4 14. Qd2 a6 15.
axb5 axb5 16. Ra5 Re8 17. Rfa1 Bf4 18. Qd1 Ba6 19. g3 Bc7 20. Rxa6 Nxa6 21. d6
Qxd6 22. Qxd6 Bxd6 23. Rxa6 Bf8 24. Nd2 1/2-1/2

[Event "VIII Festival A"]
[Site "Amantea ITA"]
[Date "2010.09.02"]
[Round "6"]
[White "Cangiano, Federico"]
[Black "Luvera', Filippo"]
[Result "1/2-1/2"]
[WhiteElo "1960"]
[BlackElo "1953"]
[PlyCount "108"]
[EventDate "2010.08.29"]

1. d4 d5 2. Nf3 Nf6 3. e3 e6 4. Bd3 c5 5. c3 Nc6 6. Nbd2 Bd6 7. O-O O-O 8. Qe2
a6 9. a4 cxd4 10. exd4 Qc7 11. Re1 Re8 12. Ne5 b6 13. f4 Bb7 14. g4 Nd7 15. g5
Bxe5 16. fxe5 Nf8 17. Nf3 Na5 18. Bc2 Rec8 19. h4 Qc4 20. Qg2 Nb3 21. Nd2 Nxd2
22. Bxd2 b5 23. b3 Qc6 24. Bd3 Qd7 25. Qe2 Bc6 26. a5 Rc7 27. Rf1 Rac8 28. b4
Bb7 29. Rf3 Ng6 30. Qh2 Ne7 31. Raf1 Rf8 32. h5 Rcc8 33. g6 fxg6 34. hxg6 Nxg6
35. Qh5 Qe8 36. Rh3 Rxf1+ 37. Kxf1 Qf7+ 38. Ke1 Nf8 39. Bxh7+ Nxh7 40. Qxh7+
Kf8 41. Ke2 Ke7 42. Bg5+ Kd7 43. Rf3 Qg8 44. Qxg8 Rxg8 45. Rf7+ Kc6 46. Be7 Bc8
47. Bd6 Bd7 48. Kf3 g6 49. Kg4 g5 50. Be7 Be8 51. Rh7 Bg6 52. Rh2 Bf5+ 53. Kg3
g4 54. Bf6 Kd7 1/2-1/2